| 000 | 00750nam a2200241Ia 4500 | ||
|---|---|---|---|
| 003 | OSt | ||
| 005 | 20220926005418.0 | ||
| 006 | a|||||r|||| 00| 0 | ||
| 007 | ta | ||
| 008 | 220923b |||||||| |||| 00| 0 eng d | ||
| 037 | _cGeneral Book | ||
| 040 |
_aRTL _cRTL _beng |
||
| 041 |
_2eng _aeng |
||
| 082 | _aX9(J):9-16.2.N9, N8 | ||
| 100 |
_aKaushic Sujata Ed. _9310236 |
||
| 245 | 0 |
_aIssues in natural resource regeneration _b Implicati |
|
| 260 |
_a New Delhi _bSociety for Promotion of Wastelands Development India _c1998 |
||
| 300 |
_a62p. _ccm. |
||
| 490 | _aWorkshop on Marginal Agriculture | ||
| 650 |
_aLabour _9232562 |
||
| 942 |
_hX9(J):9-16.2.N9, N8 _cGB _2CC |
||
| 999 |
_c613736 _d613736 |
||